The Maritime Labour Convention 2006 : (Record no. 27573)

000 -LEADER
fixed length control field 03858cam a2200373Ii 4500
001 - CONTROL NUMBER
control field 9781315856827
003 - CONTROL NUMBER IDENTIFIER
control field OSt
005 - DATE AND TIME OF LATEST TRANSACTION
control field 20240802192331.0
006 - FIXED-LENGTH DATA ELEMENTS--ADDITIONAL MATERIAL CHARACTERISTICS
fixed length control field a|||||o|||| 00| 0
008 - FIXED-LENGTH DATA ELEMENTS--GENERAL INFORMATION
fixed length control field 180706s2013 nyu ob 001 0 eng d
020 ## - INTERNATIONAL STANDARD BOOK NUMBER
International Standard Book Number 9781315856827
Qualifying information (e-book : PDF)
International Standard Book Number 9781317931867
Qualifying information (e-book: Mobi)
International Standard Book Number 9781317931874
Qualifying information (e-book: ePub)
Canceled/invalid ISBN 9780415857727
Qualifying information (hardback)
024 7# - OTHER STANDARD IDENTIFIER
Standard number or code 10.4324/9781315856827
Source of number or code doi
035 ## - SYSTEM CONTROL NUMBER
System control number (OCoLC)865656306
040 ## - CATALOGING SOURCE
Transcribing agency imu-kc
050 #4 - LIBRARY OF CONGRESS CALL NUMBER
Classification number K1196.A42006
Item number M37 2013
082 04 - DEWEY DECIMAL CLASSIFICATION NUMBER
Classification number 344.017613875
Item number M342
245 04 - TITLE STATEMENT
Title The Maritime Labour Convention 2006 :
Remainder of title international labour law redefined /
Statement of responsibility, etc. Jennifer Lavelle.
264 #1 - PRODUCTION, PUBLICATION, DISTRIBUTION, MANUFACTURE, AND COPYRIGHT NOTICE
Place of production, publication, distribution, manufacture New York :
Name of producer, publisher, distributor, manufacturer Informa Law from Routledge,
Date of production, publication, distribution, manufacture, or copyright notice 2013.
300 ## - PHYSICAL DESCRIPTION
Extent 1 online resource (xxxi, 366 pages)
490 1# - SERIES STATEMENT
Series statement Maritime and transport law library
505 0# - FORMATTED CONTENTS NOTE
Formatted contents note ch. 1. The Maritime Labour Convention 2006 in the European union / Ariadne Abel -- ch. 2. Increased seafarer protection under the Maritime Labour Convention 2006 : a maltese flag perspective / Adrian Attart & Paul Gonzi -- ch. 3. The shipmaster and the Maritime Labor Convention 2006 / John A.C. Cartner -- ch. 4. Yachting and the Maritime Labor Convention 2006 / Mateusz Bek -- ch. 5. Crewing insurance under the Maritime Labor Convention 2006 / Johanna Hjalmarsson -- ch. 6. Seafarer abandonment insurance : a system of financial security for seafarers / Denis Nifontov, with contributions from Thomas Brown and Nicholas Maddalena -- ch. 7. Seafarers and modern piracy / Graham Caldwell -- ch. 8. The enforcement procedures of the Maritime Labour Convention 2006 / Alexandros X.M. Ntovas -- ch. 9. How to determine jurisdiction and governing law in disputes arising out of a seafarer's employment agreement / Jennifer Lavelle -- ch. 10. Implementation of the Maritime Labour Convention 2006 / Maritime & Coastguard Agency.
520 ## - SUMMARY, ETC.
Summary, etc. "With the Maritime Labour Conventions entry into force in August 2013, the shipping industry will soon be faced with a new international convention that has comprehensive implications across all sectors. This vital text provides timely analysis and thought-provoking essays regarding the Conventions application and enforcement in practice.Hailed as the "Seafarers Bill of Rights" and the "fourth pillar" of the international regulatory regime for quality shipping, the Maritime Labour Convention is set to significantly alter the playing field for key stakeholders. This book offers diverse and interesting commentary in respect of the Conventions impact on core sectors of the shipping industry, identifying both strengths and weaknesses of the Convention, as well as potential hurdles that will need to be overcome. Each chapter focuses on a different aspect of the Convention, ranging from individual rights of the seafarer to challenges of flag State implementation. Special attention is given to enforcement through examination of the innovative measures provided in the Convention itself, along with discussion of domestic enforcement mechanisms in certain States. Furthermore, the book evaluates whether the Convention has filled existing gaps in maritime labour law, resolved prior difficulties or created new problems.This book expertly addresses issues of fundamental importance to national authorities, shipping professionals and associations, maritime lawyers and academics worldwide"--
Assigning source Provided by publisher.
630 00 - SUBJECT ADDED ENTRY--UNIFORM TITLE
Uniform title Maritime Labour Convention
Date of treaty signing (2006)
650 #0 - SUBJECT ADDED ENTRY--TOPICAL TERM
Topical term or geographic name entry element Merchant mariners
General subdivision Legal status, laws, etc.
Topical term or geographic name entry element Labor laws and legislation, International.
700 1# - ADDED ENTRY--PERSONAL NAME
Personal name Lavelle, Jennifer.
776 08 - ADDITIONAL PHYSICAL FORM ENTRY
Relationship information Print version:
International Standard Book Number 9780415857727
Record control number (DLC) 2013024040
830 #0 - SERIES ADDED ENTRY--UNIFORM TITLE
Uniform title Maritime and transport law library.
856 40 - ELECTRONIC LOCATION AND ACCESS
Uniform Resource Identifier <a href="https://www.taylorfrancis.com/books/9781315856827">https://www.taylorfrancis.com/books/9781315856827</a>
Public note Click here to view.
942 ## - ADDED ENTRY ELEMENTS (KOHA)
Source of classification or shelving scheme
Koha item type E-Book

No items available.

Designed and Maintained by IMU-KC Library, Kolkata Campus © Copyright All Rights Reserved

webs counters

Powered by Koha